| 000 | 00689cam a2200181 4500 | ||
|---|---|---|---|
| 001 | WB3837-13 | ||
| 008 | 021010n2002 000 0 eng u | ||
| 035 | _a(Sirsi) u120070 | ||
| 245 | _aSpecialists urged to join forces for cheaper insurance | ||
| 260 | _c2002 | ||
| 490 |
_aContract Journal _v415(6398) 9 October 2002, 4(1) |
||
| 520 | _aInsurance adviser to Confederation of Construction Specialists (CCS) suggests they band together to combat insurance market crisis by negotiating a comprehensive group insurance policy. CCS details available from +44 (0)1252 312122 | ||
| 590 | _aWB | ||
| 650 | _aPREMIUMS | ||
| 650 | _aSPECIALISTS | ||
| 690 |
_aInsurance _96249 |
||
| 942 | _n0 | ||
| 999 |
_c71344 _d71344 |
||